000 01060cam a2200313 i 4500
001 bg
003 BPK
005 20191002090807.0
008 970510s1995 pl a f |001 0 pol
015 _aPB 1995/10241
020 _a8301087951
040 _aWA N
_cBPK
080 _a53
080 _a(07)
100 1 _aHerman, Marian Augustyn
_d(1936-2015).
_eAutor
245 1 0 _aPodstawy fizyki /
_cM. A. Herman, A. Kalestyński, L. Widomski.
250 _aWyd. 6.
260 _aWarszawa :
_bWydaw. Naukowe PWN,
_c1995
_e(Wroc. :
_fPras.ZG).
300 _a698, [2] s., [2] k. tabl. :
_brys., wykr. ;
_c24 cm.
504 _aIndeks.
521 _aDla kandydatów na wyższe uczelnie i studentów.
650 4 _aFizyka
655 4 _aPodręcznik
700 1 _aKalestyński, Andrzej
_d(1927-2016).
_eAutor
700 1 _aWidomski, Leszek.
_eAutor
710 2 _aWydawnictwo Naukowe PWN
_4pbl.
856 _uhttp://koha.tu.koszalin.pl/cgi-bin/koha/opac-detail.pl?biblionumber=24472
_yKatalog online BPK
942 _2UKD
_cKS
999 _c24472
_d24472